San Blas : (Record no. 52783)
[ view plain ]
| 000 -LEADER | |
|---|---|
| fixed length control field | 01015cam a2200277 a 4500 |
| 001 - CONTROL NUMBER | |
| control field | s 47000077 |
| 003 - CONTROL NUMBER IDENTIFIER | |
| control field | DLC |
| 005 - DATE AND TIME OF LATEST TRANSACTION | |
| control field | 20260227111912.0 |
| 008 - FIXED-LENGTH DATA ELEMENTS--GENERAL INFORMATION | |
| fixed length control field | 840803s1947 sw abf b 00010 eng |
| 010 ## - LIBRARY OF CONGRESS CONTROL NUMBER | |
| LC control number | s 47000077 //r89 |
| 040 ## - CATALOGING SOURCE | |
| Modifying agency | OCoLC |
| 043 ## - GEOGRAPHIC AREA CODE | |
| Geographic area code | ncpn--- |
| 050 0# - LIBRARY OF CONGRESS CALL NUMBER | |
| Classification number | GN2 |
| Item number | .G6 vol. 15 |
| Classification number | F1565.2.C8 |
| 082 0# - DEWEY DECIMAL CLASSIFICATION NUMBER | |
| Classification number | 306 s |
| -- | 306/.08997 |
| Edition number | 19 |
| 100 10 - MAIN ENTRY--PERSONAL NAME | |
| Personal name | McKim, Fred, |
| Dates associated with a name | 1883-1946. |
| 240 10 - UNIFORM TITLE | |
| Uniform title | San Blas |
| 245 10 - TITLE STATEMENT | |
| Title | San Blas : |
| Remainder of title | an account of the Cuna Indians of Panama ; The forbidden land : reconnaissance of upper Bayano River, R.P., in 1936 : two posthumous works / |
| Statement of responsibility, etc. | Fred McKim ; edited by Henry Wassén. |
| 260 0# - PUBLICATION, DISTRIBUTION, ETC. | |
| Place of publication, distribution, etc. | Göteborg : |
| Name of publisher, distributor, etc. | Etnografiska Museet, |
| Date of publication, distribution, etc. | 1947. |
| 300 ## - PHYSICAL DESCRIPTION | |
| Extent | 185 p., [1] leaf of plates (folded) : |
| Other physical details | ill., map ; |
| Dimensions | 24 cm. |
| 490 1# - SERIES STATEMENT | |
| Series statement | Etnologiska studier ; |
| Volume/sequential designation | 15 |
| 504 ## - BIBLIOGRAPHY, ETC. NOTE | |
| Bibliography, etc. note | Includes bibliographical references. |
| 650 #0 - SUBJECT ADDED ENTRY--TOPICAL TERM | |
| Topical term or geographic name entry element | Cuna Indians. |
| 700 11 - ADDED ENTRY--PERSONAL NAME | |
| Personal name | McKim, Fred, |
| Dates associated with a name | 1883-1946. |
| Title of a work | Forbidden Land. |
| 700 10 - ADDED ENTRY--PERSONAL NAME | |
| Personal name | Wassén, Henry, |
| Dates associated with a name | 1908- |
| 830 #0 - SERIES ADDED ENTRY--UNIFORM TITLE | |
| Uniform title | Etnologiska studier ; |
| Volume/sequential designation | v. 15. |
No items available.